000
00331nam a22001457a 4500
003
OSt
005
20211224141430.0
008
211224b |||||||| |||| 00| 0 eng d
020
_a
0387941061
040
_c
HU
082
_a
005.1
100
_a
Hehner
_9
24955
245
_a
A Practical Theory Of Programming
942
_2
ddc
_c
BOOKS
_n
0
999
_c
24004
_d
24004